000 00495nam a2200181Ia 4500
005 20250326124902.0
008 250326s9999 xx 000 0 und d
037 _aTextbook
040 _aFMSL
_beng
_cFMSL
041 _aeng
_2eng
084 _aX:8DR K9
_qFMSL
100 _aStevenson H W
245 0 _aProfits in the modern economy
_cStevenson H W; Nelson J R
260 _aBombay
_bBombay, Vora
_c1969
300 _a200p
942 _cTB
_hX:8DR K9
999 _c1275641
_d1275641